Peru long term projections of demand for and supply of selected agricultural commodities through 1980

Saved in:
Bibliographic Details
Format: Book
Language:English
Published: Peru Department of Agriculture 1969
Tags: Add Tag
No Tags, Be the first to tag this record!

MARC

LEADER 00000nam a2200000 4500
001 c121977
005 20041019155224.0
041 0 |a eng 
044 |a PE 
245 1 0 |a Peru  |b long term projections of demand for and supply of selected agricultural commodities through 1980 
264 1 |a Peru  |b Department of Agriculture  |c 1969 
300 |a 195 s.